000 00269nam a2200109Ia 4500
008 190216s9999||||xx |||||||||||||| ||und||
100 _aBasu & Das
245 0 _aPractice In Accounting
260 _bPublications Division Govt. Of India
300 _a758p
942 _cBK
999 _c4299
_d4299